=LDR 00000nam 2200000 4500 =001 INLIS000000000024394 =005 20210607102453 =035 ##$$a 0010-061300000024394 =008 210607################g##########0#ind## =041 ##$$a Ind =082 ##$$a 340 =090 ##$$a 340, Haz t =100 #$$a Hazairin =245 1#$$a Tujuh serangkai tentang hukum /$c Hazairin =260 ##$$a Jakarta :$b Bina Aksara,$c 1985 =300 ##$$a 150 hlm ; $c 21x14 cm =650 #4$$a Ilmu hukum =850 ##$$a NBPNMAT =084 ##$$a 340 HAZ t =250 ##$$a cet.1 =990 ##$$a 67.232/Pro-94/95 =990 ##$$a 00054666 =990 ##$$a 1155411554